[Event "Unibank"]
[Site "Naestved"]
[Date "1991.??.??"]
[Round "3"]
[White "Antonsen, Mikkel"]
[Black "Olsen, Nils Linde"]
[Result "1/2-1/2"]
[WhiteElo "2310"]
[BlackElo "2290"]
[PlyCount "113"]
[EventDate "1991.??.??"]
[EventType "tourn"]
[EventRounds "9"]
[EventCountry "DEN"]
[EventCategory "5"]
[Source "ChessBase"]
[SourceDate "2001.11.25"]

1. d4 Nf6 2. c4 g6 3. Nc3 Bg7 4. e4 d6 5. f3 O-O 6. Be3 e5 7. Nge2 c6 8. Qd2
Re8 9. O-O-O Qa5 10. Kb1 a6 11. Nc1 b5 12. Nb3 Qc7 13. dxe5 dxe5 14. Rc1 Qd8
15. Qf2 Be6 16. Nc5 Nbd7 17. Nxe6 Rxe6 18. g3 Qa5 19. Bh3 Re7 20. Rhd1 b4 21.
Ne2 Qc7 22. Rd3 a5 23. Rcd1 Nf8 24. Nc1 Ne6 25. Bxe6 Rxe6 26. Nb3 a4 27. Nc5
Ree8 28. Qd2 Reb8 29. Nd7 Nxd7 30. Rxd7 Qa5 31. Qd6 b3 32. a3 Qa6 33. Rc1 Re8
34. Bg5 h5 35. Rc7 Rac8 36. Rxc8 Rxc8 37. Qd7 Bf8 38. g4 hxg4 39. fxg4 Ra8 40.
Be3 Rb8 41. h4 Qc8 42. Rd1 Qxd7 43. Rxd7 Re8 44. Kc1 Be7 45. g5 Kf8 46. Rc7 Rd8
47. Rxc6 Rd3 48. Bc5 Bxc5 49. Rc8+ Kg7 50. Rxc5 Rd4 51. Rxe5 Rxc4+ 52. Kd1 Kf8
53. Rb5 Rd4+ 54. Kc1 Rc4+ 55. Kd1 Rd4+ 56. Kc1 Rc4+ 57. Kd1 1/2-1/2

[Event "Unibank"]
[Site "Naestved"]
[Date "1991.??.??"]
[Round "1"]
[White "Antonsen, Mikkel"]
[Black "Brinck Claussen, Bjorn"]
[Result "1/2-1/2"]
[WhiteElo "2310"]
[BlackElo "2415"]
[PlyCount "63"]
[EventDate "1991.??.??"]
[EventType "tourn"]
[EventRounds "9"]
[EventCountry "DEN"]
[EventCategory "5"]
[Source "ChessBase"]
[SourceDate "2001.11.25"]

1. d4 Nf6 2. c4 c5 3. d5 d6 4. Nc3 g6 5. e4 Bg7 6. f4 O-O 7. Nf3 e6 8. Be2 exd5
9. cxd5 Re8 10. e5 dxe5 11. fxe5 Ng4 12. Bg5 Qb6 13. O-O Nxe5 14. Nxe5 Bxe5 15.
Bc4 Bf5 16. Nb5 a6 17. d6 Nd7 18. Nc7 Bd4+ 19. Kh1 Qxd6 20. Nxa8 Ne5 21. Bf4
Rxa8 22. Qb3 Qd7 23. Bxe5 Bxe5 24. Rae1 Re8 25. g4 b5 26. Bxf7+ Qxf7 27. Qxf7+
Kxf7 28. gxf5 g5 29. Re2 Kf6 30. b3 Re7 31. Kg2 h5 32. h3 1/2-1/2

[Event "Unibank"]
[Site "Naestved"]
[Date "1991.??.??"]
[Round "?"]
[White "Antonsen, Mikkel"]
[Black "Hansen, Lars Bo"]
[Result "1/2-1/2"]
[WhiteElo "2310"]
[BlackElo "2525"]
[PlyCount "84"]
[EventDate "1991.??.??"]
[EventType "tourn"]
[EventRounds "9"]
[EventCountry "DEN"]
[EventCategory "5"]
[Source "ChessBase"]
[SourceDate "2001.11.25"]

1. d4 e6 2. c4 Bb4+ 3. Bd2 a5 4. Nf3 d6 5. g3 Nc6 6. Bg2 e5 7. O-O exd4 8. Nxd4
Nxd4 9. Bxb4 axb4 10. Qxd4 Nf6 11. c5 dxc5 12. Qxc5 Qe7 13. Rc1 Qxc5 14. Rxc5
c6 15. Rc4 b3 16. a4 Be6 17. Rb4 O-O-O 18. Nc3 Kc7 19. a5 Ra8 20. e4 Nd7 21. f4
f6 22. Ne2 Nc5 23. Nd4 Bf7 24. Nf5 Nd3 25. Rd4 Rhd8 26. Rxd8 Rxd8 27. Rb1 g5
28. Nh6 Bg6 29. f5 Bh5 30. g4 Be8 31. Bf3 c5 32. Ng8 Ne5 33. Bd1 Rd6 34. Bxb3
c4 35. Rc1 Kb8 36. Rxc4 Bc6 37. Rc1 Rd2 38. Bd1 Ba4 39. Bxa4 Nf3+ 40. Kf1 Nxh2+
41. Kg1 Nf3+ 42. Kf1 Nh2+ 1/2-1/2

[Event "Unibank"]
[Site "Naestved"]
[Date "1991.??.??"]
[Round "?"]
[White "Antonsen, Mikkel"]
[Black "Kristiansen, Jens"]
[Result "1/2-1/2"]
[WhiteElo "2310"]
[BlackElo "2415"]
[PlyCount "33"]
[EventDate "1991.??.??"]
[EventType "tourn"]
[EventRounds "9"]
[EventCountry "DEN"]
[EventCategory "5"]
[Source "ChessBase"]
[SourceDate "2001.11.25"]

1. d4 d6 2. e4 Nf6 3. f3 Nbd7 4. c4 e5 5. d5 Nh5 6. Be3 Be7 7. Qd2 O-O 8. Nc3
a5 9. Nh3 g6 10. O-O-O Nc5 11. g4 Ng7 12. Rg1 Bd7 13. Kb1 a4 14. Nf2 Kh8 15.
Nd3 b6 16. Bh6 f6 17. h4 1/2-1/2

[Event "Unibank"]
[Site "Naestved"]
[Date "1991.??.??"]
[Round "1"]
[White "Blauert, Joerg"]
[Black "Christensen, Tobias"]
[Result "1-0"]
[WhiteElo "2395"]
[BlackElo "2300"]
[PlyCount "71"]
[EventDate "1991.??.??"]
[EventType "tourn"]
[EventRounds "9"]
[EventCountry "DEN"]
[EventCategory "5"]
[Source "ChessBase"]
[SourceDate "2001.11.25"]

1. e4 e5 2. Nf3 Nf6 3. d4 Nxe4 4. Bd3 d5 5. Nxe5 Nd7 6. Qe2 Nxe5 7. Bxe4 dxe4
8. Qxe4 Be6 9. Qxe5 Qd7 10. O-O O-O-O 11. Be3 Bb4 12. Nc3 f6 13. Qf4 Bd6 14.
Qf3 Bg4 15. Qd5 Bxh2+ 16. Kxh2 Qxd5 17. Nxd5 Rxd5 18. c4 Rdd8 19. d5 a6 20. b4
Rhe8 21. Rfc1 Bf5 22. Rc3 Kd7 23. b5 a5 24. c5 Ke7 25. Rd1 Kf7 26. c6 bxc6 27.
Rxc6 Rd7 28. Ra6 Re5 29. Rxa5 Rdxd5 30. Rc1 Re7 31. a4 Bd3 32. Ra7 Rdd7 33. Bf4
Re2 34. b6 Rxf2 35. Rcxc7 Rxc7 36. bxc7 1-0

[Event "Unibank"]
[Site "Naestved"]
[Date "1991.??.??"]
[Round "8"]
[White "Blauert, Joerg"]
[Black "Dunnington, Angus J"]
[Result "1-0"]
[WhiteElo "2395"]
[BlackElo "2345"]
[PlyCount "54"]
[EventDate "1991.??.??"]
[EventType "tourn"]
[EventRounds "9"]
[EventCountry "DEN"]
[EventCategory "5"]
[Source "ChessBase"]
[SourceDate "2001.11.25"]

1. e4 d6 2. d4 g6 3. Nc3 Bg7 4. f4 Nf6 5. Nf3 O-O 6. Be3 Nc6 7. e5 dxe5 8. dxe5
Ng4 9. Bg1 Qxd1+ 10. Rxd1 f6 11. h3 Nh6 12. exf6 exf6 13. Nd5 Bf5 14. Bc5 Rfc8
15. Bb5 Kh8 16. Ba4 a6 17. Kf2 b5 18. Bb3 Na5 19. Rhe1 Nxb3 20. cxb3 Ng8 21. g4
Bd7 22. Ne7 Nxe7 23. Rxd7 Ng8 24. Re6 Re8 25. Rxe8 Rxe8 26. Rxc7 h6 27. Nh4 Kh7
1-0

[Event "Unibank"]
[Site "Naestved"]
[Date "1991.??.??"]
[Round "?"]
[White "Blauert, Joerg"]
[Black "Hansen, Lars Bo"]
[Result "1/2-1/2"]
[WhiteElo "2395"]
[BlackElo "2525"]
[PlyCount "96"]
[EventDate "1991.??.??"]
[EventType "tourn"]
[EventRounds "9"]
[EventCountry "DEN"]
[EventCategory "5"]
[Source "ChessBase"]
[SourceDate "2001.11.25"]

1. e4 c6 2. d4 d5 3. exd5 cxd5 4. c4 Nf6 5. Nc3 e6 6. a3 Be7 7. Nf3 O-O 8. Bd3
dxc4 9. Bxc4 b6 10. d5 exd5 11. Bxd5 Nxd5 12. Qxd5 Qxd5 13. Nxd5 Bd8 14. O-O
Bb7 15. Rd1 Bxd5 16. Rxd5 Bf6 17. Nd4 Na6 18. Be3 Rfd8 19. Rxd8+ Rxd8 20. Rd1
Nc5 21. Rd2 Ne4 22. Rd1 Rd5 23. Kf1 Kf8 24. Ke2 Ke8 25. f3 Nd6 26. b3 Kd7 27.
g4 g6 28. Nc2 Rxd1 29. Kxd1 Be5 30. h3 f5 31. Kd2 Nf7 32. f4 Bg7 33. gxf5 gxf5
34. Kd3 Nd8 35. Bd4 Bh6 36. Be5 Ne6 37. Ke3 Bf8 38. a4 Kc6 39. Nd4+ Nxd4 40.
Kxd4 Bc5+ 41. Kc4 a6 42. Bb8 Ba3 43. Be5 Bc1 44. Bb8 Bb2 45. Kd3 Kd5 46. Bc7 b5
47. axb5 axb5 48. Bb8 Bf6 1/2-1/2

[Event "Unibank"]
[Site "Naestved"]
[Date "1991.??.??"]
[Round "?"]
[White "Blauert, Joerg"]
[Black "Antonsen, Mikkel"]
[Result "0-1"]
[WhiteElo "2395"]
[BlackElo "2310"]
[PlyCount "78"]
[EventDate "1991.??.??"]
[EventType "tourn"]
[EventRounds "9"]
[EventCountry "DEN"]
[EventCategory "5"]
[Source "ChessBase"]
[SourceDate "2001.11.25"]

1. e4 e6 2. d4 d5 3. exd5 exd5 4. Nf3 Bd6 5. c4 c6 6. Nc3 Ne7 7. Bd3 dxc4 8.
Bxc4 O-O 9. O-O Nd7 10. Bg5 Nb6 11. Bb3 Kh8 12. Bxe7 Qxe7 13. Re1 Qc7 14. Qd3
Bg4 15. Ne5 Bxe5 16. dxe5 Rad8 17. Qg3 Bf5 18. Rad1 Rxd1 19. Rxd1 Nd7 20. e6
Ne5 21. Rd7 Qb8 22. Re7 Qd6 23. Rxb7 Bxe6 24. Bxe6 Qxe6 25. h3 a5 26. Ra7 Nc4
27. f4 Rd8 28. Qd3 Re8 29. Kh2 Nxb2 30. Qd7 Qxd7 31. Rxd7 h6 32. Rxf7 Re3 33.
Nb1 Nd3 34. Rc7 c5 35. f5 Re5 36. g4 Re2+ 37. Kg3 Rxa2 38. Nc3 Ra3 39. Nd5 Nb4+
0-1

[Event "Unibank"]
[Site "Naestved"]
[Date "1991.??.??"]
[Round "3"]
[White "Blauert, Joerg"]
[Black "Johansson, Jan"]
[Result "1/2-1/2"]
[WhiteElo "2395"]
[BlackElo "2415"]
[PlyCount "162"]
[EventDate "1991.??.??"]
[EventType "tourn"]
[EventRounds "9"]
[EventCountry "DEN"]
[EventCategory "5"]
[Source "ChessBase"]
[SourceDate "2001.11.25"]

1. e4 g6 2. d4 Bg7 3. Nf3 d6 4. h3 Nd7 5. Bd3 e5 6. dxe5 dxe5 7. Bc4 Ngf6 8.
Nc3 O-O 9. O-O Qe7 10. Qe2 c6 11. a4 Nh5 12. Be3 Nc5 13. Rfd1 Nf4 14. Qd2 Be6
15. Bxe6 Ncxe6 16. Qd7 Qf6 17. Bxf4 Qxf4 18. Qxb7 Nd4 19. Rd3 Nxc2 20. Rad1 Nd4
21. Nxd4 exd4 22. Ne2 Qxe4 23. Nxd4 Rad8 24. Qxa7 Rd5 25. f3 Qf4 26. Ne2 Qc4
27. Rxd5 cxd5 28. Qe3 Bxb2 29. Qd3 Rc8 30. a5 Qc5+ 31. Kf1 Rd8 32. a6 Be5 33.
Rc1 Qa5 34. Rb1 Kg7 35. Rc1 Rd6 36. Rd1 d4 37. Qe4 Bf6 38. Rd3 Qxa6 39. Nf4 Qc4
40. Kf2 Qc2+ 41. Qe2 Qc1 42. Qe4 Ra6 43. Ne2 Qb2 44. f4 Re6 45. Qf3 Bd8 46. g3
h6 47. h4 h5 48. Kf1 Bb6 49. Kf2 Kh7 50. Kf1 Bc5 51. f5 Re7 52. Kf2 Ba7 53. Kf1
Qa2 54. Kf2 Qc4 55. Kg2 Bb6 56. Kf2 Qc2 57. Kf1 Bc5 58. Kf2 Qa2 59. Kf1 Kg8 60.
Kf2 Re5 61. fxg6 fxg6 62. Kf1 Kh7 63. Nxd4 Qc4 64. Ne2 Rf5 65. Nf4 Bd6 66. Kg2
Bxf4 67. gxf4 Rxf4 68. Rd7+ Kh6 69. Qe3 Qc6+ 70. Kg3 Qxd7 71. Qxf4+ Kg7 72.
Qe5+ Kf7 73. Qf4+ Qf5 74. Qc7+ Ke6 75. Qc6+ Ke7 76. Qc7+ Qd7 77. Qxd7+ Kxd7 78.
Kf4 Ke7 79. Ke3 Ke6 80. Ke4 Kf6 81. Kf4 Kg7 1/2-1/2

[Event "Unibank"]
[Site "Naestved"]
[Date "1991.??.??"]
[Round "5"]
[White "Brinck Claussen, Bjorn"]
[Black "Christensen, Tobias"]
[Result "1/2-1/2"]
[WhiteElo "2415"]
[BlackElo "2300"]
[PlyCount "21"]
[EventDate "1991.??.??"]
[EventType "tourn"]
[EventRounds "9"]
[EventCountry "DEN"]
[EventCategory "5"]
[Source "ChessBase"]
[SourceDate "2001.11.25"]

1. e4 e5 2. Nf3 Nf6 3. Nxe5 d6 4. Nf3 Nxe4 5. d4 d5 6. Bd3 Bd6 7. O-O O-O 8. c4
c6 9. Re1 Re8 10. Nc3 Nxc3 11. bxc3 1/2-1/2

[Event "Unibank"]
[Site "Naestved"]
[Date "1991.??.??"]
[Round "7"]
[White "Brinck Claussen, Bjorn"]
[Black "Johansson, Jan"]
[Result "1/2-1/2"]
[WhiteElo "2415"]
[BlackElo "2415"]
[PlyCount "87"]
[EventDate "1991.??.??"]
[EventType "tourn"]
[EventRounds "9"]
[EventCountry "DEN"]
[EventCategory "5"]
[Source "ChessBase"]
[SourceDate "2001.11.25"]

1. e4 g6 2. d4 Bg7 3. Nc3 d6 4. f4 Nc6 5. Nf3 Bg4 6. Be3 Bxf3 7. gxf3 e6 8. Qd2
Nf6 9. O-O-O d5 10. f5 exf5 11. exf5 O-O 12. Bh6 Qd7 13. Bxg7 Kxg7 14. Bh3 Rae8
15. Rhg1 Qe7 16. fxg6 hxg6 17. Rg5 Rh8 18. Bf1 Qe3 19. Qxe3 Rxe3 20. Nxd5 Nxd5
21. Rxd5 Rxh2 22. Rd7 Rxf3 23. d5 Nb4 24. c3 Rff2 25. cxb4 Rc2+ 26. Kb1 Rxb2+
27. Ka1 Rxa2+ 28. Kb1 Rhb2+ 29. Kc1 Rc2+ 30. Kb1 Rab2+ 31. Ka1 Rxb4 32. Bd3 Rc3
33. Bb1 g5 34. Ba2 Rf4 35. d6 cxd6 36. Rxb7 g4 37. Rxd6 Rc5 38. Rxa7 g3 39. Rd2
Kg6 40. Ra3 Rg5 41. Rg2 Rfg4 42. Rf3 f5 43. Bb1 Kf6 44. Bxf5 1/2-1/2

[Event "Unibank"]
[Site "Naestved"]
[Date "1991.??.??"]
[Round "?"]
[White "Brinck Claussen, Bjorn"]
[Black "Blauert, Joerg"]
[Result "0-1"]
[WhiteElo "2415"]
[BlackElo "2395"]
[PlyCount "112"]
[EventDate "1991.??.??"]
[EventType "tourn"]
[EventRounds "9"]
[EventCountry "DEN"]
[EventCategory "5"]
[Source "ChessBase"]
[SourceDate "2001.11.25"]

1. e4 e5 2. Nf3 Nc6 3. Bb5 a6 4. Bxc6 dxc6 5. O-O Bg4 6. h3 Bxf3 7. Qxf3 Bd6 8.
d3 Ne7 9. Nd2 O-O 10. Nc4 f5 11. Bg5 f4 12. Qg4 Kh8 13. Qh4 Rf7 14. Rad1 c5 15.
g3 Qd7 16. Bxe7 Rxe7 17. gxf4 exf4 18. Qg4 Re6 19. Kh1 b5 20. Nxd6 cxd6 21. Rg1
Rf8 22. Qf3 Re5 23. Rg4 Qf7 24. Rdg1 g6 25. a3 Qf6 26. c3 Re7 27. Rg5 Re5 28.
R5g4 c4 29. d4 Re7 30. Re1 h5 31. Rgg1 Rg8 32. Re2 Kh7 33. Rd1 Rge8 34. Kg2 Kh6
35. Rde1 Re6 36. Kf1 g5 37. Qh1 Qg7 38. f3 Qf6 39. Qg1 R8e7 40. Rg2 Rg7 41. d5
Ree7 42. Qb6 Qe5 43. Qxa6 g4 44. hxg4 hxg4 45. Qc8 g3 46. Qh3+ Kg6 47. Rg1 Rh7
48. Qg4+ Kf6 49. Re2 Rh8 50. Rd2 Rg7 51. Qe6+ Qxe6 52. dxe6 Kxe6 53. Rd5 Rh2
54. Rg2 Rgh7 55. Rxb5 Rh1+ 56. Ke2 R7h2 0-1

[Event "Unibank"]
[Site "Naestved"]
[Date "1991.??.??"]
[Round "?"]
[White "Christensen, Tobias"]
[Black "Antonsen, Mikkel"]
[Result "1/2-1/2"]
[WhiteElo "2300"]
[BlackElo "2310"]
[PlyCount "62"]
[EventDate "1991.??.??"]
[EventType "tourn"]
[EventRounds "9"]
[EventCountry "DEN"]
[EventCategory "5"]
[Source "ChessBase"]
[SourceDate "2001.11.25"]

1. f4 g6 2. Nf3 Bg7 3. d3 c5 4. g3 Nc6 5. Bg2 e6 6. O-O Nge7 7. c3 O-O 8. Na3
b6 9. Rb1 Bb7 10. Bd2 d6 11. b4 cxb4 12. cxb4 Nd4 13. e4 Nxf3+ 14. Bxf3 Qd7 15.
Qb3 Rac8 16. Rbc1 Rfd8 17. Bc3 Bxc3 18. Rxc3 Rxc3 19. Qxc3 d5 20. Rd1 Qa4 21.
Rb1 dxe4 22. dxe4 Rc8 23. Qb3 Qxb3 24. Rxb3 f5 25. exf5 Bxf3 26. Rxf3 gxf5 27.
Nb5 Nd5 28. a3 a6 29. Nd4 Kf7 30. Rd3 Rc1+ 31. Kg2 Rc3 1/2-1/2

[Event "Unibank"]
[Site "Naestved"]
[Date "1991.??.??"]
[Round "?"]
[White "Christensen, Tobias"]
[Black "Kristiansen, Jens"]
[Result "1/2-1/2"]
[WhiteElo "2300"]
[BlackElo "2415"]
[PlyCount "63"]
[EventDate "1991.??.??"]
[EventType "tourn"]
[EventRounds "9"]
[EventCountry "DEN"]
[EventCategory "5"]
[Source "ChessBase"]
[SourceDate "2001.11.25"]

1. e4 g6 2. d4 Bg7 3. Nc3 d6 4. f4 Nc6 5. Be3 Nf6 6. Nf3 O-O 7. Bb5 a6 8. Bxc6
bxc6 9. Qd2 Rb8 10. Rb1 Bb7 11. Qd3 Qc8 12. O-O a5 13. Rfe1 Rd8 14. h3 c5 15.
dxc5 dxc5 16. Qe2 Nxe4 17. Nxe4 Bxe4 18. Bxc5 Bd5 19. c4 Ba8 20. b3 Qf5 21. Ba7
Rbc8 22. Be3 Be4 23. Rbd1 Bc2 24. Nd4 Bxd4 25. Rxd4 Bd3 26. Qf2 a4 27. Bd2 e6
28. Bc3 h5 29. Re5 Qf6 30. Re3 Bf5 31. Rd5 Qe7 32. Rd2 1/2-1/2

[Event "Unibank"]
[Site "Naestved"]
[Date "1991.??.??"]
[Round "7"]
[White "Christensen, Tobias"]
[Black "Olsen, Nils Linde"]
[Result "1/2-1/2"]
[WhiteElo "2300"]
[BlackElo "2290"]
[PlyCount "49"]
[EventDate "1991.??.??"]
[EventType "tourn"]
[EventRounds "9"]
[EventCountry "DEN"]
[EventCategory "5"]
[Source "ChessBase"]
[SourceDate "2001.11.25"]

1. d4 Nf6 2. Bg5 d5 3. Nd2 Nbd7 4. c4 c6 5. cxd5 cxd5 6. Qa4 e6 7. e3 Be7 8.
Bd3 O-O 9. Ngf3 h6 10. Bh4 Nb6 11. Qa5 Bd7 12. O-O Na4 13. Qxd8 Rfxd8 14. b3
Nc3 15. Rfc1 Rac8 16. Ne5 g5 17. Bg3 Ba3 18. Nxd7 Rxd7 19. Rc2 Ne2+ 20. Kf1
Nxg3+ 21. hxg3 Rxc2 22. Bxc2 Rc7 23. Bd3 Kf8 24. Ke2 Nd7 25. Rh1 1/2-1/2

[Event "Unibank"]
[Site "Naestved"]
[Date "1991.??.??"]
[Round "4"]
[White "Christensen, Tobias"]
[Black "Dunnington, Angus J"]
[Result "1/2-1/2"]
[WhiteElo "2300"]
[BlackElo "2345"]
[PlyCount "47"]
[EventDate "1991.??.??"]
[EventType "tourn"]
[EventRounds "9"]
[EventCountry "DEN"]
[EventCategory "5"]
[Source "ChessBase"]
[SourceDate "2001.11.25"]

1. e4 d5 2. Nc3 c6 3. Nf3 g6 4. exd5 cxd5 5. Bb5+ Nc6 6. Ne5 Bd7 7. Bxc6 Bxc6
8. d4 Bg7 9. Bf4 Nf6 10. Qd2 Qb6 11. O-O-O Rc8 12. f3 h6 13. g4 a6 14. Rhe1 Qd8
15. Re2 g5 16. Bg3 b5 17. Rde1 e6 18. Qe3 O-O 19. h4 b4 20. Nxc6 Rxc6 21. Na4
Nd7 22. hxg5 hxg5 23. Rh1 Qf6 24. Rh5 1/2-1/2

[Event "Unibank"]
[Site "Naestved"]
[Date "1991.??.??"]
[Round "3"]
[White "Dunnington, Angus J"]
[Black "Brinck Claussen, Bjorn"]
[Result "1-0"]
[WhiteElo "2345"]
[BlackElo "2415"]
[PlyCount "51"]
[EventDate "1991.??.??"]
[EventType "tourn"]
[EventRounds "9"]
[EventCountry "DEN"]
[EventCategory "5"]
[Source "ChessBase"]
[SourceDate "2001.11.25"]

1. d4 Nf6 2. Nf3 g6 3. Nc3 d5 4. Bf4 Bg7 5. e3 O-O 6. Be2 c6 7. h3 a5 8. O-O a4
9. Bxb8 Rxb8 10. Nxa4 Ne4 11. Nc3 c5 12. Nb5 Bd7 13. a4 Bxb5 14. Bxb5 c4 15. c3
Nd6 16. b3 Qa5 17. bxc4 dxc4 18. Qe2 Nxb5 19. axb5 Qxb5 20. Rfb1 Qc6 21. Ra5
Rfc8 22. Rab5 Qe4 23. Ng5 Qd3 24. Qf3 Bf6 25. Ne4 Rc7 26. R5b2 1-0

[Event "Unibank"]
[Site "Naestved"]
[Date "1991.??.??"]
[Round "5"]
[White "Dunnington, Angus J"]
[Black "Olsen, Nils Linde"]
[Result "1/2-1/2"]
[WhiteElo "2345"]
[BlackElo "2290"]
[PlyCount "72"]
[EventDate "1991.??.??"]
[EventType "tourn"]
[EventRounds "9"]
[EventCountry "DEN"]
[EventCategory "5"]
[Source "ChessBase"]
[SourceDate "2001.11.25"]

1. c4 Nf6 2. Nc3 g6 3. g3 Bg7 4. Bg2 O-O 5. e4 e5 6. Nge2 d6 7. O-O Be6 8. d3
Qd7 9. Nd5 c6 10. Nxf6+ Bxf6 11. Bh6 Bg7 12. Bxg7 Kxg7 13. Rc1 c5 14. f4 Nc6
15. Qd2 f6 16. Rf2 a6 17. h4 Rab8 18. Rcf1 Nd4 19. Nxd4 cxd4 20. h5 Bg4 21.
fxe5 fxe5 22. h6+ Kg8 23. Qg5 Rxf2 24. Rxf2 Re8 25. b3 a5 26. a3 Be6 27. b4
axb4 28. axb4 Qd8 29. Qf6 Re7 30. c5 dxc5 31. bxc5 Bc8 32. Bf1 Qe8 33. Qd6 Qd7
34. Qf6 Qe8 35. Qd6 Qd7 36. Qf6 Qe8 1/2-1/2

[Event "Unibank"]
[Site "Naestved"]
[Date "1991.??.??"]
[Round "7"]
[White "Dunnington, Angus J"]
[Black "Kristiansen, Jens"]
[Result "1/2-1/2"]
[WhiteElo "2345"]
[BlackElo "2415"]
[PlyCount "84"]
[EventDate "1991.??.??"]
[EventType "tourn"]
[EventRounds "9"]
[EventCountry "DEN"]
[EventCategory "5"]
[Source "ChessBase"]
[SourceDate "2001.11.25"]

1. Nf3 g6 2. e4 Bg7 3. d4 d6 4. c3 Nf6 5. Bd3 O-O 6. O-O c5 7. h3 Qc7 8. Re1 e5
9. Na3 Nc6 10. Nc2 cxd4 11. cxd4 d5 12. exd5 Nxd4 13. Nxe5 Nxc2 14. Qxc2 Qxc2
15. Bxc2 Nxd5 16. Bb3 Be6 17. Nd3 b6 18. Bd2 Nc7 19. Bc3 Rfd8 20. Nf4 Bxb3 21.
axb3 Nb5 22. Bxg7 Kxg7 23. Re5 Nd4 24. Re7 Nxb3 25. Raxa7 Rxa7 26. Rxa7 Rd1+
27. Kh2 Nc5 28. b4 Ne4 29. Rb7 Rd6 30. f3 Nd2 31. Rc7 g5 32. Ne2 Nf1+ 33. Kg1
Ne3 34. Kf2 Nd5 35. Rc4 f5 36. Rd4 Kf6 37. h4 h6 38. hxg5+ hxg5 39. g3 Ke5 40.
f4+ gxf4 41. gxf4+ Ke6 42. Rc4 Ne7 1/2-1/2

[Event "Unibank"]
[Site "Naestved"]
[Date "1991.??.??"]
[Round "9"]
[White "Dunnington, Angus J"]
[Black "Antonsen, Mikkel"]
[Result "1/2-1/2"]
[WhiteElo "2345"]
[BlackElo "2310"]
[PlyCount "39"]
[EventDate "1991.??.??"]
[EventType "tourn"]
[EventRounds "9"]
[EventCountry "DEN"]
[EventCategory "5"]
[Source "ChessBase"]
[SourceDate "2001.11.25"]

1. Nf3 Nf6 2. g3 g6 3. b4 Bg7 4. Bb2 O-O 5. Bg2 d6 6. d3 e5 7. Nbd2 h6 8. O-O
Be6 9. e4 Qd7 10. c4 Bh3 11. Qe2 Nc6 12. a3 Nh5 13. Bxh3 Qxh3 14. Kh1 Rae8 15.
Nb3 Qd7 16. Ng1 Kh7 17. f3 f5 18. Qg2 Qf7 19. b5 Nd8 20. Ne2 1/2-1/2

[Event "Unibank"]
[Site "Naestved"]
[Date "1991.??.??"]
[Round "?"]
[White "Hansen, Lars Bo"]
[Black "Dunnington, Angus J"]
[Result "1/2-1/2"]
[WhiteElo "2525"]
[BlackElo "2345"]
[PlyCount "59"]
[EventDate "1991.??.??"]
[EventType "tourn"]
[EventRounds "9"]
[EventCountry "DEN"]
[EventCategory "5"]
[Source "ChessBase"]
[SourceDate "2001.11.25"]

1. c4 e5 2. Nc3 d6 3. g3 f5 4. Bg2 Nf6 5. Nf3 Be7 6. O-O O-O 7. d4 e4 8. Ng5 c5
9. d5 Na6 10. f3 exf3 11. exf3 Nc7 12. Re1 Re8 13. a4 h6 14. Nh3 Bf8 15. Rxe8
Qxe8 16. Qd3 Qe1+ 17. Bf1 Na6 18. Ne2 Nd7 19. f4 Nf6 20. Nf2 Bd7 21. b3 Nb4 22.
Qd2 Qxd2 23. Bxd2 a5 24. Rc1 Re8 25. Nc3 g6 26. Bg2 Bg7 27. Kf1 Kf7 28. Bf3 Re7
29. h3 Ne8 30. Re1 1/2-1/2

[Event "Unibank"]
[Site "Naestved"]
[Date "1991.??.??"]
[Round "?"]
[White "Hansen, Lars Bo"]
[Black "Olsen, Nils Linde"]
[Result "1-0"]
[WhiteElo "2525"]
[BlackElo "2290"]
[PlyCount "105"]
[EventDate "1991.??.??"]
[EventType "tourn"]
[EventRounds "9"]
[EventCountry "DEN"]
[EventCategory "5"]
[Source "ChessBase"]
[SourceDate "2001.11.25"]

1. c4 Nf6 2. Nc3 g6 3. e4 d6 4. d4 Bg7 5. Be2 O-O 6. Nf3 e5 7. O-O Nbd7 8. Be3
c6 9. dxe5 dxe5 10. Nd2 Qe7 11. Nb3 Rd8 12. Qc2 Nf8 13. Rfd1 Ng4 14. Bc5 Qh4
15. h3 Rxd1+ 16. Qxd1 Nh6 17. Qd2 Ne6 18. Rd1 f5 19. Bf1 Nxc5 20. Nxc5 Nf7 21.
b4 Qe7 22. N3a4 Bf6 23. b5 cxb5 24. cxb5 b6 25. Nb3 Be6 26. Nc3 fxe4 27. Nxe4
Rd8 28. Qe1 Rxd1 29. Qxd1 Bg7 30. Qc2 Kh8 31. Nbd2 Bh6 32. Nf3 Bf8 33. Bd3 Kg7
34. Kh2 Qb4 35. Nfd2 Bc5 36. Nf3 Bf8 37. Kg1 h6 38. Kh1 Bc5 39. Kh2 Bf8 40. Kg1
Bc5 41. Ng3 Qf4 42. Kh1 Qf6 43. Ne4 Qe7 44. a4 Bd4 45. Ng3 Nh8 46. Nxd4 exd4
47. Ne2 Qc5 48. Qb2 Kf6 49. Nxd4 Qe5 50. f4 Qxf4 51. Nf3+ Ke7 52. Qxh8 Bxh3 53.
Qe5+ 1-0

[Event "Unibank"]
[Site "Naestved"]
[Date "1991.??.??"]
[Round "?"]
[White "Hansen, Lars Bo"]
[Black "Christensen, Tobias"]
[Result "1/2-1/2"]
[WhiteElo "2525"]
[BlackElo "2300"]
[PlyCount "83"]
[EventDate "1991.??.??"]
[EventType "tourn"]
[EventRounds "9"]
[EventCountry "DEN"]
[EventCategory "5"]
[Source "ChessBase"]
[SourceDate "2001.11.25"]

1. Nf3 f5 2. e4 fxe4 3. Ng5 d5 4. d3 Qd6 5. dxe4 h6 6. Nf3 dxe4 7. Nfd2 Nf6 8.
Na3 Bg4 9. Be2 Bxe2 10. Qxe2 Nc6 11. Nb3 e5 12. Be3 Nd4 13. Nxd4 exd4 14. Nb5
Qb4+ 15. c3 dxc3 16. bxc3 Qe7 17. Bd4 h5 18. Bxf6 gxf6 19. O-O a6 20. Nd4 Qe5
21. Qb2 Bd6 22. g3 b6 23. Rae1 h4 24. Qc2 O-O-O 25. Rxe4 Qd5 26. g4 Rdg8 27. h3
f5 28. Nxf5 Bc5 29. Rd1 Qc6 30. Qe2 Kb7 31. Re6 Re8 32. Re1 Rxe6 33. Qxe6 Qf3
34. Qe4+ Qxe4 35. Rxe4 Rd8 36. Nd4 Rg8 37. Kg2 b5 38. f4 Kb6 39. f5 Bd6 40. Ne6
Kc6 41. Kf3 a5 42. g5 1/2-1/2

[Event "Unibank"]
[Site "Naestved"]
[Date "1991.??.??"]
[Round "?"]
[White "Hansen, Lars Bo"]
[Black "Brinck Claussen, Bjorn"]
[Result "1-0"]
[WhiteElo "2525"]
[BlackElo "2415"]
[PlyCount "65"]
[EventDate "1991.??.??"]
[EventType "tourn"]
[EventRounds "9"]
[EventCountry "DEN"]
[EventCategory "5"]
[Source "ChessBase"]
[SourceDate "2001.11.25"]

1. d4 Nf6 2. Nf3 g6 3. c4 Bg7 4. Nc3 d5 5. cxd5 Nxd5 6. e4 Nxc3 7. bxc3 c5 8.
Rb1 O-O 9. Be2 cxd4 10. cxd4 Qa5+ 11. Bd2 Qxa2 12. O-O Qe6 13. Qc2 b6 14. Bc4
Qd7 15. Qa2 Nc6 16. Bb5 Qb7 17. Be3 Na5 18. d5 Bd7 19. Be2 Qb8 20. Bd2 Nb7 21.
Bb4 Re8 22. Ba6 Nd6 23. e5 Nf5 24. Rfe1 e6 25. d6 Bc6 26. Qe2 Qd8 27. Rbc1 Qd7
28. g4 Bxf3 29. Qxf3 Nh4 30. Qe4 Bxe5 31. Bb7 Rab8 32. Bc6 Qd8 33. Qxe5 1-0